[Event "VIE-ch U11"]
[Site "Ho Chi Minh City"]
[Date "2014.07.15"]
[Round "5"]
[White "Khuu, Dich Tien"]
[Black "Tran, Anh Khoa"]
[Result "1-0"]
[WhiteElo "1919"]
[BlackElo "1964"]
[PlyCount "92"]
[EventDate "2014.07.13"]
[EventType "swiss"]
[EventRounds "9"]
[EventCountry "VIE"]
[SourceTitle "EXT 2016"]
[Source "ChessBase"]
[SourceDate "2015.10.08"]
[SourceVersion "1"]
[SourceVersionDate "2015.10.08"]
[SourceQuality "1"]

1. e4 Nf6 2. Nc3 d5 3. exd5 Nxd5 4. Nxd5 Qxd5 5. Nf3 Nc6 6. Be2 Bg4 7. 0-0 e5 8. c4 Qe6 9. Ng5 Bxe2 10. Qxe2 Nd4 11. Qe4 Qd6 12. f4 f6 13. fxe5 Qxe5 14. Qxe5+ fxe5 15. b3 0-0-0 16. Nf7 Ne2+ 17. Kh1 Bc5 18. Nxh8 Rxh8 19. Bb2 Bd4 20. Bxd4 Nxd4 21. Rf7 g6 22. Raf1 Nf5 23. g4 Nd6 24. Rf8+ Rxf8 25. Rxf8+ Kd7 26. Rh8 h5 27. gxh5 gxh5 28. Rxh5 Ke6 29. Rh7 c6 30. Rg7 Kf5 31. h4 Kf4 32. h5 Kf3 33. h6 Nf5 34. h7 Nxg7 35. h8Q Nf5 36. Qxe5 Ng3+ 37. Kg1 Ne2+ 38. Kh2 a6 39. Qe3+ Kg4 40. Qxe2+ Kf4 41. Qe3+ Kf5 42. Kg2 b5 43. Kf3 bxc4 44. Qe4+ Kf6 45. bxc4 c5 46. Qf4+ Ke6 1-0

[Event "VIE-ch U11"]
[Site "Ho Chi Minh City"]
[Date "2014.07.15"]
[Round "4"]
[White "Phan, Nguyen Dang Kha"]
[Black "Khuu, Dich Tien"]
[Result "1-0"]
[WhiteElo "1970"]
[BlackElo "1919"]
[PlyCount "81"]
[EventDate "2014.07.13"]
[EventType "swiss"]
[EventRounds "9"]
[EventCountry "VIE"]
[SourceTitle "EXT 2016"]
[Source "ChessBase"]
[SourceDate "2015.10.08"]
[SourceVersion "1"]
[SourceVersionDate "2015.10.08"]
[SourceQuality "1"]

1. d4 d5 2. Nf3 Nf6 3. e3 Bg4 4. Bd3 Ne4 5. h3 Bh5 6. Nbd2 f5 7. g4 fxg4 8. hxg4 Bxg4 9. Nxe4 dxe4 10. Bxe4 c6 11. Rxh7 Rxh7 12. Bxh7 Qd6 13. Be4 Nd7 14. Qd3 0-0-0 15. Bd2 c5 16. Qb5 Qc7 17. 0-0-0 cxd4 18. exd4 Nf6 19. Bf5+ Kb8 20. Bxg4 Nxg4 21. Ng5 Rc8 22. Qf5 Ka8 23. Ne6 Qc6 24. Bc3 Nh6 25. Qg6 Qd5 26. Nxg7 a6 27. Qxh6 Qg8 28. Rg1 Qxa2 29. Kd2 e5 30. Qe6 Qxe6 31. Nxe6 exd4 32. Nxd4 Bh6+ 33. Kd3 Rd8 34. Ba5 Ka7 35. Bxd8 Bf8 36. Rg6 Bc5 37. b4 Bd6 38. Rxd6 a5 39. Nb5+ Ka8 40. Bb6 axb4 41. Rd8# 1-0

[Event "VIE-ch U11"]
[Site "Ho Chi Minh City"]
[Date "2014.07.13"]
[Round "2"]
[White "Khuu, Dich Tien"]
[Black "Le, Minh Kha"]
[Result "1/2-1/2"]
[WhiteElo "1919"]
[BlackElo "1971"]
[PlyCount "63"]
[EventDate "2014.07.13"]
[EventType "swiss"]
[EventRounds "9"]
[EventCountry "VIE"]
[SourceTitle "EXT 2016"]
[Source "ChessBase"]
[SourceDate "2015.10.08"]
[SourceVersion "1"]
[SourceVersionDate "2015.10.08"]
[SourceQuality "1"]

1. e4 e5 2. d3 d6 3. Nf3 Nc6 4. Be2 Nf6 5. 0-0 Be7 6. Be3 0-0 7. Nc3 b6 8. Qd2 Bb7 9. g3 h6 10. Bxh6 Qd7 11. Bg5 Qh3 12. Bxf6 Bxf6 13. Ng5 Qh6 14. Nf3 Qh7 15. Nd5 Bd8 16. Qe3 f6 17. d4 Kf7 18. Bc4 Ke8 19. dxe5 dxe5 20. Rfd1 Rh8 21. Bb5 Kf8 22. Qa3+ Be7 23. Nxe7 Nxe7 24. Rd7 g5 25. Rad1 Bxe4 26. Rd8+ Rxd8 27. Rxd8+ Kf7 28. Rxh8 Qxh8 29. Bc4+ Ke8 30. Nd2 Bxc2 31. Qxa7 Qh3 32. Qa8+ 1/2-1/2